| 000 | 00703nam a22002177a 4500 | ||
|---|---|---|---|
| 003 | LK-CoMWRAF | ||
| 005 | 20240605110335.0 | ||
| 008 | 230924b2009 |||||||| |||| 00| 0 eng d | ||
| 020 | _a9789550028047 | ||
| 040 |
_aLK-CoMWRAF _dLK-CoMWRAF _eLK-CoMWRAF |
||
| 041 | _aeng | ||
| 082 |
_a306.4 _bHUS |
||
| 100 | _aHussein, Asiff | ||
| 245 |
_aZeylanica : _bA study of the peoples and languages of Sri Lanka |
||
| 260 |
_aColombo : _bNeptune publications, _c2009 |
||
| 300 | _axii, 455 p., [25] p. of plates : col. ill. ; 23 cm. | ||
| 650 | _aETHNOLOGY-Sri Lanka | ||
| 650 | _aLanguages-Sri Lanka | ||
| 856 | _uhttps://asiffhussein.com/wp-content/uploads/2015/08/Zeylanica-abridged.pdf | ||
| 942 | _cBK | ||
| 999 |
_c3643 _d3643 |
||